000 00827nam a2200241Ia 4500
003 OSt
005 20220923223845.0
006 a|||||r|||| 00| 0
007 ta
008 220922b |||||||| |||| 00| 0 hin d
024 _a222,228
037 _cTextual
040 _aARTS
_cARTS
_bhin
041 _2hin
_ahin
082 _aP152,4k, 152P4
100 _aतरुण, हरिवंश
_9156291
245 0 _aमानक हिन्दी मुहावरा लोकोक्ति कोश
246 _aMānak hindī muhāvarā lokokti kosha
260 _aनयी दिल्ली
_b ्र्र्रप्रकाशन संस्थान
_c2004
300 _a335 पृ.
_ccm.
942 _hP152,4k, 152P4
_cTEXL
_2CC
999 _c367701
_d367701